00919cam a22002537a 450000500170000000800410001701000170005802000250007503500170010003500130011703700080013004000080013808200110014610000250015724500410018226000610022330000350028444000250031950000850034452001040042965000450053365000480057871000390062620090121151616.0041027s2004 dcua j b 001 0 eng d aB-330173-187 a9788179912980c55.00 aB-330173-187 aB-358509 bPUB adpl a571.81 aStephens, Catherine. aLife cycles /cby Catherine Stephens aWashington, D.C. :bNational Geographic Society,cc2004. a32p. bcol. ill. c23cm. (pbk) aReading expeditions. aOriginally published by National Geographic under the reading expeditions series aIntroduces the concept of metamorphosis in the life cycles of some animals, insects and amphibians. aAnimal life cyclesvJuvenile literature. aLife cycles (Biology)vJuvenile literature. aNational Geographic Society (U.S.)